| 000 | 00453nam a2200169 a 4500 | ||
|---|---|---|---|
| 001 | 0000-8731 | ||
| 003 | ELIB.Books | ||
| 008 | 110520 2005 | ||
| 035 | _a(ELIB.Books)0000-8877 | ||
| 082 |
_aB.Th _bTin |
||
| 100 | _aTin Htut Ohn, Saw | ||
| 245 | _aTheological Outlook on some moral Problems | ||
| 260 |
_bInsein: Karen Baptist Theolgical Seminary _c2005 |
||
| 650 | _aThesis | ||
| 942 |
_2ddc _cBK |
||
| 998 |
_cbat _e2011-05-20 |
||
| 999 |
_c8731 _d8731 |
||